Guess the song NO HINTS #1 - Statistics

General Stats
  • This quiz has been taken 14 times
  • The average score is 142 of 285
Answer Stats
Answer % Correct
a
90%
me
90%
to
90%
be
80%
He
80%
I
80%
in
80%
it
80%
It
80%
(It
80%
it's
80%
the
80%
all
70%
and
70%
And
70%
go
70%
head,
70%
I'm
70%
is
70%
like
70%
my
70%
never
70%
on
70%
can't
60%
goin'
60%
how
60%
just
60%
of
60%
only
60%
out
60%
up
60%
was
60%
your
60%
did
50%
down
50%
Let
50%
this?
50%
but
40%
But
40%
'Cause
40%
doin'
40%
doin
40%
eyes
40%
Gotta,
40%
gotta
40%
her
40%
he's
40%
his
40%
into
40%
I've
40%
Now
40%
now
40%
she's
40%
takes
40%
taking
40%
want
40%
with
40%
because
30%
been
30%
Comin'
30%
comin'
30%
control
30%
end
30%
fine
30%
havin'
30%
having
30%
kiss
30%
kiss,
30%
kiss)
30%
look,
30%
off
30%
While
30%
asleep
20%
bed
20%
Brightside
20%
cab
20%
cage
20%
calling
20%
Chest
20%
Choking
20%
Destiny
20%
drag
20%
dress
20%
eager
20%
falling
20%
Jealousy
20%
killing
20%
lullabies
20%
Mr.
20%
pay
20%
price
20%
sea
20%
sick
20%
smoke
20%
started
20%
stomach
20%
they're
20%
through
20%
touching
20%
alibis
10%
Open
10%
saints
10%
Swimming
10%
Turning
10%
No matching quizzes found
Score Distribution
Percent of People with Each Score
Percentile by Number Answered
Your Score History
You have not taken this quiz